000 00486nam a2200169Ia 4500
005 20250424120335.0
008 250424s9999 xx 000 0 und d
022 _a25346181
050 _aK 60 .B65/
245 0 _aUnimaid journal of private and property law (UJPPL)
260 _aMaiduguri, Nigeria
260 _bDepartment of private law
260 _c2017
300 _av, 257 p. ; 27 cm.
650 _aLaw--Nigeria--Periodicals. Civil law--Nigeria--Periodicals.
942 _cSR
999 _c38755
_d38755